| 000 | 00439 a2200145 4500 | ||
|---|---|---|---|
| 999 |
_c3910 _d3910 |
||
| 020 | _a0750707488 | ||
| 050 | _aLB1775 DAY1999 | ||
| 100 |
_aDay,Christopher _eauthor |
||
| 245 |
_aDeveloping teachers : _bthe challenges of lifelong learning / _cChristpher Day |
||
| 264 |
_aLondon : _b Falmer Press, _c1999 |
||
| 300 | _a249p. : | ||
| 500 | _aincludes index | ||
| 650 | _a. Teachers -- In-service training. | ||
| 942 |
_2lcc _cBK _h1775 _iDAY _k1999 |
||